Avengers Assemble! - Statistics

General Stats
  • This quiz has been taken 1,203 times
  • The average score is 12 of 16
Answer Stats
Hint Answer % Correct
Tony Stark Ironman
100%
Steve Rogers Captain America
99%
Bruce Banner Hulk
99%
Natasha Romanova or Romanoff Black Widow
98%
Clinton Barton Hawkeye
96%
Peter Parker Spiderman
95%
______ Odinson Thor
91%
T'Challa Black Panther
89%
Hank Pym AntMan
81%
Janet Pym Wasp
78%
Logan Wolverine
77%
Dr. Stephen Strange Dr. Strange
72%
Carol Danvers Ms. Marvel
42%
Danny Rand IronFist
31%
Jessica Drew Spider-Woman
29%
Carl Lucas Luke Cage
22%
No matching quizzes found
Score Distribution
Percent of People with Each Score
Percentile by Number Answered
Your Score History
You have not taken this quiz